Largest cities in Uzbekistan - Statistics

General Stats
  • This quiz has been taken 82 times
  • The average score is 4 of 7
Answer Stats
Answer % Correct
Tashkent
100%
Samarkand
80%
Bukhara
64%
Nukus
41%
Fergana
39%
Namangan
39%
Andijan
30%
No matching quizzes found
Score Distribution
Percent of People with Each Score
Percentile by Number Answered
Your Score History
You have not taken this quiz